| 000 | 00580nam a22001577a 4500 | ||
|---|---|---|---|
| 008 | 110413t xxu||||| |||| 00| 0 eng d | ||
| 020 | _a0906322774 | ||
| 082 | _a345.05 EMM | ||
| 100 |
_aEmmins, Christopher J. _91028 |
||
| 245 |
_aApractical Approach to Criminal Procedure : _cChristopher, J Emmins / |
||
| 250 | _a3rd ed. | ||
| 260 |
_aLondon : _bLivesey Limited, Shrewsbury ; _c1987. |
||
| 300 |
_axxxiii, 473p.; _c24 cm. |
||
| 942 |
_2ddc _cBK |
||
| 999 |
_c344 _d344 |
||